00569nam a22001937a 450000500170000001000130001702000230003003500130005303700160006604000120008208200160009410000180011024500980012826000290022627000350025530000250029065000300031565000300034520170124110216.0 aA-706961 c350.00a8185173591 aA-706961 bCen Lib/Ret aDPLbEN a954.01bKHA aKhanna, C. P. aIndian educational and cultural life : cby C. P. Khannabfrom early periods to middle ages / bDoaba Housec1994aDelhi a1688, Nai SarakbDelhie110006 avi, 303p. c21cm(Hb) aAncient -- Indian History aIndus Valley Civilization